|
|
|
|
| LEADER |
00919nam a2200193 a 4500 |
| 008 |
100425s1984 bg a b 001 0 eng d |
| 010 |
|
|
|a 2009305632
|
| 040 |
|
|
|a BD-DhAAL
|c BD-DhAAL
|d BD-DhAAL
|
| 082 |
0 |
0 |
|a 338.95
|2 22
|
| 245 |
0 |
0 |
|a Grass-roots participation and selfreliance :
|b Experiences in South and South East Asia. A study prep. for the International Labour Office within the framework of the World Employment Programme /
|c edited byAnisur Rahman.
|
| 260 |
|
|
|a New Delhi :
|b Oxford ;
|b IBH Publishing,
|c 1984
|
| 300 |
|
|
|a viii, 215 p. :
|b ill. ;
|c 24 cm.
|
| 504 |
|
|
|a Includes index.
|
| 541 |
1 |
|
|e 00002028
|
| 650 |
|
0 |
|a Rural development
|z Asia
|
| 710 |
2 |
|
|a International labour organization.
|
| 852 |
4 |
|
|a Ayesha Abed Library
|j General shelf
|
| 999 |
|
|
|c 8241
|d 8241
|
| 952 |
|
|
|0 0
|1 0
|2 ddc
|4 0
|6 338_950000000000000_GRA_1984
|7 0
|9 9444
|a BRACUL
|b BRACUL
|c GEN
|d 2010-04-26
|g 2240.00
|l 0
|o 338.95 GRA
|p 3010002028
|r 2010-04-26
|t 1
|w 2010-04-26
|y BK
|